| 000 | 01054nam a22002537a 4500 | ||
|---|---|---|---|
| 001 | 81104 | ||
| 003 | BD-RjUL | ||
| 005 | 20230119175653.0 | ||
| 008 | 230119s2013 bg a|||| m||| 00| 0 eng d | ||
| 035 | _a(BD-RjUL)81104 | ||
| 040 |
_aBD-RjUL _beng _cBD-RjUL _dBD-RjUL |
||
| 041 | _aeng | ||
| 082 |
_223 _a671.8 _bISN 2013 |
||
| 100 |
_aIslam, Md. Rafiqul _91188 |
||
| 245 | 1 | 0 |
_aNovel ferrocene based complexes oligomers and polymers containing various metal centers / _cSubmitted By Md. Rafiqul Islam ; _6Supervisor : Choudhury, M. Zakaria, Co-Supervisor : Md. Akhter Farooque, |
| 260 |
_aRajshahi : _bDepartment of Chemistry, University of Rajshahi, _c2013 |
||
| 300 |
_av, 295 leaves : _bill, ; _c29.cm. |
||
| 502 | _aThesis (Ph. D.) -- Department of Chemistry, University of Rajshahi, 2013 | ||
| 504 | _aReferences : Leaves 293 | ||
| 650 |
_aMetals products _vMetalworking processes and primary metal products _96648 |
||
| 700 |
_aZakaria, Choudhury, M. Supervisor _96649 |
||
| 700 |
_aFarooque, Md. Akhter Co-Supervisor _96650 |
||
| 942 |
_2ddc _cTHE |
||
| 999 |
_c81104 _d81104 |
||